[Event "SVK-ch U14 Girls rapid"]
[Site "Nitra"]
[Date "2021.09.11"]
[Round "2"]
[White "Tomcaniova, Lucia"]
[Black "Ruzova, Valeria"]
[Result "1-0"]
[WhiteElo "1104"]
[BlackElo "1011"]
[PlyCount "62"]
[EventDate "2021.09.11"]
[EventType "swiss (rapid)"]
[EventRounds "7"]
[EventCountry "SVK"]
[SourceTitle "EXT 2023"]
[Source "ChessBase"]
[SourceDate "2022.10.05"]
[SourceVersion "1"]
[SourceVersionDate "2022.10.05"]
[SourceQuality "1"]

1. e4 e5 2. Nc3 Nf6 3. f4 d6 4. Nf3 Nc6 5. Bb5 a6 6. Ba4 b5 7. Bb3 Be7 8. d3 0-0 9. Nd5 Nxd5 10. Bxd5 Be6 11. Bxc6 Rb8 12. Bd5 Bxd5 13. exd5 exf4 14. Bxf4 Re8 15. 0-0 c6 16. Nd4 Rc8 17. Nxc6 Qd7 18. c4 Bd8 19. Qb3 Bb6+ 20. Kh1 Qg4 21. Bxd6 Re2 22. Bg3 Bc7 23. d4 Rce8 24. Rae1 Bxg3 25. Rxe2 Rxe2 26. Qxg3 Qxg3 27. hxg3 bxc4 28. Rc1 Rxb2 29. Rxc4 Rb1+ 30. Kh2 Rf1 31. Ne5 f6 1-0

[Event "SVK-ch U14 Girls"]
[Site "Stara Lubovna"]
[Date "2021.07.01"]
[Round "7"]
[White "Vojtekova, Tereza"]
[Black "Ruzova, Valeria"]
[Result "1/2-1/2"]
[WhiteElo "1048"]
[BlackElo "1095"]
[PlyCount "55"]
[EventDate "2021.06.26"]
[EventType "swiss"]
[EventRounds "9"]
[EventCountry "SVK"]
[SourceTitle "CBM 203 Extra"]
[Source "ChessBase"]
[SourceDate "2021.09.30"]
[SourceVersion "1"]
[SourceVersionDate "2021.09.30"]
[SourceQuality "1"]

1. d4 d5 2. c4 Nf6 3. cxd5 Nxd5 4. e4 Nf6 5. Nc3 Nc6 6. Nf3 e6 7. Bb5 a6 8. Bxc6+ bxc6 9. Bg5 h6 10. Bxf6 Qxf6 11. e5 Qd8 12. 0-0 Be7 13. Rc1 0-0 14. h3 Bb7 15. a4 a5 16. b3 c5 17. dxc5 Bxc5 18. Rb1 Ba6 19. Re1 Qxd1 20. Rexd1 Rad8 21. Rbc1 Ba3 22. Rc2 Bb4 23. Rb1 Bd3 24. Rbb2 f6 25. Rd2 Bxc3 26. Ra2 fxe5 27. Rd1 e4 28. Ra3 1/2-1/2

[Event "SVK-ch U14 Girls"]
[Site "Stara Lubovna"]
[Date "2021.06.30"]
[Round "6"]
[White "Ruzova, Valeria"]
[Black "Halcinova, Blazena"]
[Result "0-1"]
[WhiteElo "1095"]
[BlackElo "1000"]
[PlyCount "150"]
[EventDate "2021.06.26"]
[EventType "swiss"]
[EventRounds "9"]
[EventCountry "SVK"]
[SourceTitle "CBM 203 Extra"]
[Source "ChessBase"]
[SourceDate "2021.09.30"]
[SourceVersion "1"]
[SourceVersionDate "2021.09.30"]
[SourceQuality "1"]

1. e4 e5 2. Nf3 Nc6 3. Bc4 Bc5 4. Nc3 Nf6 5. d3 d6 6. Bd2 Bg4 7. h3 Bxf3 8. gxf3 Bb4 9. Qe2 Nd4 10. Qd1 Bxc3 11. Bxc3 Nc6 12. Qd2 d5 13. Bb3 d4 14. Bb4 Qd7 15. Ba3 0-0-0 16. 0-0-0 a6 17. c3 Na5 18. Bc4 Nxc4 19. dxc4 dxc3 20. Qxd7+ Rxd7 21. Rxd7 Nxd7 22. bxc3 Nb6 23. c5 Nc4 24. Bb4 b6 25. cxb6 cxb6 26. Rg1 g6 27. Be7 Re8 28. Bg5 a5 29. a4 f5 30. exf5 gxf5 31. Re1 e4 32. fxe4 fxe4 33. f3 e3 34. Kd1 Nb2+ 35. Ke2 Nxa4 36. Bxe3 Nxc3+ 37. Kd2 Na4 38. Bxb6 Rxe1 39. Kxe1 Nxb6 40. f4 a4 41. Kd2 Nd5 42. f5 Kb7 43. Kc2 Ka6 44. Kb2 Ka5 45. Ka3 Kb5 46. f6 Nxf6 47. h4 h5 48. Ka2 Kb4 49. Kb2 a3+ 50. Ka1 Kb3 51. Kb1 a2+ 52. Ka1 Kc4 53. Kxa2 Kd4 54. Kb2 Ke4 55. Kc2 Kf4 56. Kd2 Kg4 57. Ke2 Kxh4 58. Kf2 Kh3 59. Kg1 h4 60. Kh1 Kg4 61. Kg1 h3 62. Kh1 Ne4 63. Kh2 Nf2 64. Kg1 Kg3 65. Kf1 h2 66. Ke2 h1Q 67. Ke3 Qe4+ 68. Kd2 Kf3 69. Kc3 Ke3 70. Kb3 Qc6 71. Kb4 Kd4 72. Kb3 Qc3+ 73. Ka4 Qb2 74. Ka5 Kc5 75. Ka4 Qb4# 0-1